Statistiques concernant Pays les plus proches de Chine

Cliquez ici pour prendre le quiz!

Statistiques générales

  • Ce quiz a été pris 297 fois
  • Le résultat moyen est 18 sur 20

Statistiques - réponses

kmpays% Correct
0Russie
100%
0Corée du Nord
98%
263Corée du Sud
97%
0Inde
97%
0Mongolie
96%
0Népal
96%
331Japon
95%
0Kazakhstan
95%
0Laos
95%
0Pakistan
95%
0Viêt Nam
95%
115Thaïlande
92%
0Afghanistan
90%
0Bhoutan
89%
0Myanmar
89%
4Taïwan
89%
0Tadjikistan
87%
0Kirghizistan
86%
108Ouzbékistan
84%
94Bangladesh
83%

Distribution des résultats

Percentile par nombre de réponses

% des personnes avec chaque résultat

Votre développement - résultats

Vous n’avez pas pris ce quiz